|
|
|
|
| LEADER |
00000nam0a2200000 4500 |
| 001 |
31366 |
| 005 |
20231101210031.0 |
| 010 |
|
|
|a 5060038130
|
| 035 |
|
|
|a (RuTPU)RU\TPU\book\31643
|
| 035 |
|
|
|a BOOK00000061
|
| 090 |
|
|
|a 31366
|
| 100 |
|
|
|a 20011209d2001 m y0rusy50 ca
|
| 101 |
0 |
|
|a fre
|a rus
|
| 102 |
|
|
|a RU
|
| 105 |
|
|
|a a j 000zy
|
| 200 |
1 |
|
|a Учебник французского языка для I курса гуманитарных факультетов университетов
|f Ю. И. Суслова, В. Н. Рыбалка, Н. Н. Абрамова и др
|
| 205 |
|
|
|a 4-е изд., испр. и доп.
|
| 210 |
|
|
|a Москва
|c Высшая школа
|d 2001
|
| 215 |
|
|
|a 303 с.
|c ил.
|
| 606 |
1 |
|
|a Французский язык
|x Учебные руководства и пособия для вузов
|2 stltpush
|3 (RuTPU)RU\TPU\subj\16836
|9 42736
|
| 610 |
1 |
|
|a фонетика
|
| 610 |
1 |
|
|a упражнения
|
| 610 |
1 |
|
|a разговорная речь
|
| 610 |
1 |
|
|a лексика
|
| 610 |
1 |
|
|a фонетика
|
| 610 |
1 |
|
|a чтение
|
| 610 |
1 |
|
|a перевод
|
| 686 |
|
|
|a Ш147.11-923
|v LBC/SL-A
|2 rubbk
|
| 701 |
|
1 |
|a Суслова
|b Ю. И
|
| 701 |
|
1 |
|a Рыбалка
|b В. Н
|
| 701 |
|
1 |
|a Абрамова
|b Н. Н
|
| 701 |
|
1 |
|a Рыкина
|b В. А
|
| 701 |
|
1 |
|a Демидова
|b С. В
|
| 801 |
|
0 |
|a RU
|b 63413507
|c 20011209
|g PSBO
|
| 801 |
|
2 |
|a RU
|b 63413507
|c 20170221
|g PSBO
|
| 942 |
|
|
|c BK
|